COMPLEX VARIABLES AND APPLICATIONS (Record no. 216551)
[ view plain ]
| 000 -LEADER | |
|---|---|
| fixed length control field | 00491nam a22001817a 4500 |
| 008 - FIXED-LENGTH DATA ELEMENTS--GENERAL INFORMATION | |
| fixed length control field | 260205b |||||||| |||| 00| 0 eng d |
| 020 ## - INTERNATIONAL STANDARD BOOK NUMBER | |
| International Standard Book Number | 978-93-5460-036-4 |
| 100 ## - MAIN ENTRY--PERSONAL NAME | |
| Personal name | BROWN, JAMES WARD |
| 245 ## - TITLE STATEMENT | |
| Title | COMPLEX VARIABLES AND APPLICATIONS |
| 250 ## - EDITION STATEMENT | |
| Edition statement | 9TH ED. |
| 260 ## - PUBLICATION, DISTRIBUTION, ETC. | |
| Place of publication, distribution, etc. | NEW DELHI |
| Name of publisher, distributor, etc. | MCGRAW HILL |
| Date of publication, distribution, etc. | 2024 |
| 300 ## - PHYSICAL DESCRIPTION | |
| Extent | XVI,4611P. |
| 500 ## - GENERAL NOTE | |
| General note | INCLUDES INDEX |
| 650 ## - SUBJECT ADDED ENTRY | |
| Topical term or geographic name entry element | FUCNTIONS OF COMPLEX VARIABLES |
| 700 ## - ADDED ENTRY--PERSONAL NAME | |
| Personal name | CHURCHILL, RUEL V. |
| 942 ## - ADDED ENTRY ELEMENTS (KOHA) | |
| Source of classification or shelving scheme | Library of Congress Classification |
| Koha item type | Long Loan Book |
| Withdrawn status | Lost status | Source of classification or shelving scheme | Damaged status | Not for loan | Collection | Home library | Current library | Shelving location | Date acquired | Inventory number | Total checkouts | Full call number | Barcode | Date last seen | Copy number | Price effective from | Koha item type | Date last checked out | Total renewals |
|---|---|---|---|---|---|---|---|---|---|---|---|---|---|---|---|---|---|---|---|
| Library of Congress Classification | Science & Technology | Kisii University Library | Kisii University Library | On Display | 02/05/2026 | 111344 | QA 331.7 .B76 2014 | 50881 | 02/05/2026 | 1 | 02/05/2026 | Long Loan Book | |||||||
| Library of Congress Classification | Science & Technology | Kisii University Library | Kisii University Library | On Display | 02/05/2026 | 111345 | 1 | QA 331.7 .B76 2014 | 50876 | 03/23/2026 | 2 | 02/05/2026 | Long Loan Book | 03/09/2026 | |||||
| Library of Congress Classification | Science & Technology | Kisii University Library | Kisii University Library | On Display | 02/05/2026 | 111345 | 2 | QA 331.7 .B76 2014 | 50872 | 03/17/2026 | 2 | 02/05/2026 | Long Loan Book | 03/03/2026 | |||||
| Library of Congress Classification | Science & Technology | Kisii University Library | Kisii University Library | On Display | 02/05/2026 | 111345 | 1 | QA 331.7 .B76 2014 | 50870 | 04/06/2026 | 2 | 02/05/2026 | Long Loan Book | 03/09/2026 | 1 |